Normal view
MARC view
- Molokotos-Liederman, Lina
Entry Personal Name
001 - CONTROL NUMBER
- control field: 105268
003 - CONTROL NUMBER IDENTIFIER
- control field: NUST
005 - DATE AND TIME OF LATEST TRANSACTION
- control field: 20221220095513.0
008 - FIXED-LENGTH DATA ELEMENTS
- fixed length control field: 221220|| aca||aabn | a|a d
040 ## - CATALOGING SOURCE
- Original cataloging agency: NUST
- Transcribing agency: NUST
100 ## - HEADING--PERSONAL NAME
- Personal name: Molokotos-Liederman, Lina
670 ## - SOURCE DATA FOUND
- Source citation: Work cat.: (NUST)0: Nationalism, ethnicity and boundaries :
